000 01850ngm a22003012a 4500
005 20250306180155.0
007 vd cvaizk
008 241217s2024 109 ## v eng d
024 _a043396637368
_q (videorecording)
040 _aCTMMSN
_beng
_erda
_cCTMMSN
092 _amovie
_bVenom
245 0 0 _aVenom: The Last Dance
_h[videorecording].
264 _a[Place of publication not identified?]:
_bSONY PICTURES,
_c2025
264 _aOld Saybrook, Connecticut :
_bwww.micromarketing.org
300 _a[1 videodisc (approximately 109 minutes)?] :
_bsound, color;
_c4 3/4 in.
336 _atwo-dimensional moving image
337 _avideo
338 _avideodisc
500 _a[Typographic symbols and accents removed for systems compatibility.]
500 _aWidescreen edition.
520 _aIn Venom: The Last Dance, Tom Hardy returns as Venom, one of Marvel's greatest and most complex characters, for the final film in the trilogy. Eddie and Venom are on the run. Hunted by both of their worlds and with the net closing in, the duo are forced into a devastating decision that will bring the curtains down on Venom and Eddie's last dance. Venom: The Last Dance stars Tom Hardy, Chiwetel Ejiofor, Juno Temple, Rhys Ifans, Peggy Lu, Alanna Ubach and Stephen Graham. The film is directed by Kelly Marcel from a screenplay she wrote, based on a story by Hardy and Marcel. The film is produced by Avi Arad, Matt Tolmach, Amy Pascal, Kelly Marcel, Tom Hardy and Hutch Parker. SONY PICTURES; 043396637368; 1 Disc(s); 109 min; Action/Adventure, Sci-Fi, Thriller; PG13; 01/21/25
521 _aRating: PG13.
538 _aDVD, color, widescreen, NTSC.
650 7 _aFeature Films
_2bisacsh
655 _aVideo recordings.
_2lcgft
710 _aSONY PICTURES
_96279937
942 _2ddc
_cDVD
999 _c403274
_d403274